[Event "Clippert Quas (April)"]
[Site "Detroit, Mich."]
[Date "1990.04.07"]
[Round "1"]
[White "Moody, David"]
[Black "Thompson, Dexter"]
[Result "1/2-1/2"]
[WhiteElo "2046"]
[BlackElo "2345"]
[PlyCount "123"]
[EventDate "1990.04.07"]

1. e4 e5 2. Nf3 Nc6 3. Bb5 a6 4. Ba4 Nf6 5. O-O Be7 6. Re1 b5 7. Bb3 O-O 8. d4
Nxd4 9. Nxd4 exd4 10. e5 Ne8 11. Qxd4 c5 12. Qe4 Rb8 13. c3 Bb7 14. Qe2 Nc7 15.
Bf4 Ne6 16. Bg3 Qc7 17. Nd2 Qc6 18. Qe4 Qb6 19. Qe2 c4 20. Bc2 d5 21. exd6 Bxd6
22. Bxd6 Qxd6 23. Ne4 Qc6 24. Rad1 Rbd8 25. Rxd8 Rxd8 26. Qh5 g6 27. Qh6 f5 28.
h4 Ng7 29. Qg5 Rf8 30. Nd2 h6 31. Qg3 Nh5 32. Qf3 Rd8 33. Qxc6 Bxc6 34. Nf1 Nf4
35. Ne3 Rd2 36. Rd1 Rxd1+ 37. Bxd1 Nd3 38. b4 Nc1 39. h5 Kg7 40. hxg6 Kxg6 41.
a4 Na2 42. axb5 axb5 43. Bc2 Nxc3 44. Nxf5 Be4 45. Bxe4 Nxe4 46. Nd4 c3 47. Kf1
Kf6 48. f4 Ng3+ 49. Ke1 Nh5 50. Nxb5 c2 51. Kd2 Nxf4 52. Nd4 Kg5 53. b5 Nd5 54.
Kxc2 h5 55. Kd3 Kg4 56. Kc4 Nb6+ 57. Kc5 Na4+ 58. Kd5 Kg3 59. Ne2+ Kf2 60. Nf4
h4 61. Ng6 Kxg2 62. Nxh4+ 1/2-1/2

[Event "Clippert Quas (April)"]
[Site "Detroit, Mich."]
[Date "1990.04.07"]
[Round "3"]
[White "Moody, David"]
[Black "Finegold, Mark"]
[Result "0-1"]
[WhiteElo "2046"]
[BlackElo "2249"]
[PlyCount "58"]
[EventDate "1990.04.07"]

1. e4 c5 2. Nf3 e6 3. d3 Nc6 4. g3 d6 5. Bg2 g6 6. O-O Bg7 7. Nc3 Nge7 8. Bf4
O-O 9. Qd2 e5 10. Bg5 f6 11. Be3 Be6 12. Ne2 b6 13. c3 d5 14. exd5 Bxd5 15. d4
cxd4 16. cxd4 exd4 17. Nfxd4 Bxg2 18. Kxg2 Qd5+ 19. Kg1 Rfd8 20. Nf4 Nxd4 21.
Nxd5 Nf3+ 22. Kg2 Nxd2 23. Nxe7+ Kf8 24. Rfe1 Nc4 25. Nc6 Rd6 26. Nd4 Nxb2 27.
Nb5 Rd7 28. Bf4 Nd3 29. Re4 f5 0-1

[Event "Clippert Quas (April)"]
[Site "Detroit, Mich."]
[Date "1990.04.07"]
[Round "2"]
[White "Gabbara, Faris"]
[Black "Moody, David"]
[Result "0-1"]
[WhiteElo "2078"]
[BlackElo "2046"]
[PlyCount "118"]
[EventDate "1990.04.07"]

1. e4 e5 2. f4 Bc5 3. Nf3 d6 4. Bc4 Nf6 5. d3 Nc6 6. c3 O-O 7. b4 Bb6 8. a4 Ng4
9. Qe2 Bf2+ 10. Kd1 Bh4 11. g3 Be7 12. f5 Nf6 13. g4 d5 14. exd5 Nxd5 15. Qa2
Nb6 16. Nbd2 g6 17. Rg1 Kh8 18. Bxf7 Qxd3 19. Rg3 Qxc3 20. Bb2 Nxa4 21. Qxa4
Qxb2 22. Rb1 Qc3 23. Rb3 b5 24. Qxb5 Qa1+ 25. Rb1 Qa6 26. Qxa6 Bxa6 27. fxg6
Bd3 28. Rh3 Rxf7 29. gxf7 Bxb1 30. b5 e4 31. Nxb1 exf3 32. bxc6 Rd8+ 33. Ke1
Bb4+ 34. Kf2 Rf8 35. Rxf3 Kg7 36. Ke3 Rxf7 37. Rxf7+ Kxf7 38. Kd4 Ke6 39. Kc4
a5 40. h4 Ke5 41. Nc3 Bxc3 42. Kxc3 Kf4 43. Kc4 Kxg4 44. Kb5 Kf5 45. Kxa5 h5
46. Kb5 Ke5 47. Kc5 Ke6 48. Kd4 Kd6 49. Ke4 Kxc6 50. Kf5 Kd5 51. Kg5 c5 52.
Kxh5 c4 53. Kg6 c3 54. h5 c2 55. h6 c1=Q 56. h7 Qa1 57. Kf7 Qh8 58. Kg6 Ke6 59.
Kh6 Kf5 0-1

[Event "Grand Rapids Mini-Swiss (April)"]
[Site "Grand Rapids, Mich."]
[Date "1990.04.21"]
[Round "3"]
[White "Moody, David"]
[Black "Boes, Jeff"]
[Result "0-1"]
[WhiteElo "2046"]
[BlackElo "1930"]
[PlyCount "42"]
[EventDate "1990.04.21"]

1. Nf3 d6 2. e4 e5 3. d4 Nd7 4. Bc4 Be7 5. dxe5 Nxe5 6. Nxe5 dxe5 7. Qh5 g6 8.
Qxe5 Nf6 9. Qb5+ c6 10. Qb3 O-O 11. Bh6 Bg4 12. f3 Nxe4 13. Bxf8 Bh4+ 14. Ke2
Qd4 15. Bxf7+ Kxf8 16. Qe3 Qxb2 17. Bb3 Bg5 18. Qg1 Qxa1 19. fxg4 Re8 20. Qf1+
Nf6+ 21. Kd3 Rd8+ 0-1

[Event "Grand Rapids Mini-Swiss (April)"]
[Site "Grand Rapids, Mich."]
[Date "1990.04.21"]
[Round "2"]
[White "Lubben, Don"]
[Black "Moody, David"]
[Result "0-1"]
[WhiteElo "1844"]
[BlackElo "2046"]
[PlyCount "62"]
[EventDate "1990.04.21"]

1. e4 e5 2. Nf3 Nc6 3. Bb5 a6 4. Bxc6 dxc6 5. d4 exd4 6. Qxd4 Qxd4 7. Nxd4 Bd7
8. Be3 Nf6 9. Nc3 Bb4 10. f3 O-O-O 11. Nde2 Be6 12. a3 Ba5 13. Kf2 Nd7 14. Nd4
Bxc3 15. Nxe6 fxe6 16. bxc3 Ne5 17. Rad1 Nc4 18. Bc1 Rd6 19. Rd3 Rhd8 20. Rhd1
b5 21. Bg5 Nb2 22. Bxd8 Nxd1+ 23. Ke2 Rxd3 24. cxd3 Nxc3+ 25. Kd2 Nxe4+ 26.
fxe4 Kxd8 27. d4 Kd7 28. Kd3 Kd6 29. g4 e5 30. h4 exd4 31. Kxd4 c5+ 0-1

[Event "Grand Rapids Mini-Swiss (April)"]
[Site "Grand Rapids, Mich."]
[Date "1990.04.27"]
[Round "1"]
[White "Moody, David"]
[Black "Fischvogt, Eric"]
[Result "0-1"]
[WhiteElo "2046"]
[BlackElo "2292"]
[PlyCount "92"]
[EventDate "1990.04.21"]

1. e4 c5 2. Nf3 Nc6 3. d4 cxd4 4. Nxd4 Nf6 5. Nc3 d6 6. Be2 e5 7. Nf5 d5 8. Bg5
Bxf5 9. exf5 d4 10. Ne4 Bb4+ 11. c3 dxc3 12. Nxc3 Qa5 13. O-O Rd8 14. Qc1 Nd4
15. Bc4 Rc8 16. Bd3 Bxc3 17. Bxf6 gxf6 18. bxc3 Rxc3 19. Qh6 Qd5 20. Qg7 Rf8
21. Rac1 Nf3+ 22. gxf3 Qxd3 23. Rfd1 Rxc1 24. Rxc1 Qxf5 25. Rc7 Qg6+ 26. Qxg6
fxg6 27. Rxh7 Rf7 28. Rh8+ Kd7 29. Rg8 g5 30. Kg2 Kc6 31. Kg3 Kb5 32. Kg4 Rh7
33. Kf5 Rxh2 34. Rg7 Kc6 35. Kxf6 Rxf2 36. Kxe5 Rxf3 37. Rxg5 Rf2 38. a4 Ra2
39. Rg4 Kc5 40. Rg7 Kb6 41. Rg4 Ka5 42. Rg7 Rb2 43. Kd4 Kxa4 44. Kc3 Rb6 45.
Rg1 Rc6+ 46. Kb2 a5 0-1

[Event "National HS Championship"]
[Site "Kansas City, MO"]
[Date "1990.04.27"]
[Round "1"]
[White "Aldrich, Jeff"]
[Black "Kofron, Frank"]
[Result "0-1"]
[WhiteElo "1700"]
[BlackElo "1298"]
[PlyCount "46"]
[EventDate "1990.04.27"]

1. d4 Nf6 2. c4 c5 3. d5 e6 4. Nc3 exd5 5. cxd5 d6 6. e4 g6 7. Bg5 Bg7 8. f4
O-O 9. Nf3 Re8 10. Bd3 Qa5 11. O-O Na6 12. a3 Nc7 13. h3 a6 14. Nd2 b5 15. Qf3
Qb6 16. e5 Nd7 17. exd6 c4+ 18. Kh1 Qxd6 19. Nde4 Qb6 20. Bc2 Bb7 21. Qd1 Nc5
22. Nxc5 Qxc5 23. Be4 Bxc3 {Time} 0-1

[Event "Trenton Mini-Swiss (April)"]
[Site "Trenton, Mich."]
[Date "1990.04.28"]
[Round "1"]
[White "Moody, David"]
[Black "Vaughn, Gerald"]
[Result "1-0"]
[WhiteElo "2046"]
[BlackElo "1719"]
[PlyCount "59"]
[EventDate "1990.04.28"]

1. e4 e5 2. Nf3 Nc6 3. d4 exd4 4. Bc4 h6 5. Nxd4 Nxd4 6. Qxd4 Nf6 7. O-O d6 8.
Nc3 c6 9. Bf4 g5 10. Bg3 c5 11. Qd3 a6 12. e5 b5 13. Bxf7+ Kxf7 14. exf6 Bb7
15. Rae1 Qxf6 16. Nd5 c4 17. Qe4 Qg6 18. Qf3+ Kg7 19. Qc3+ Kh7 20. Nf6+ Kg7 21.
Bxd6 Qxf6 22. Be5 Be7 23. Bxf6+ Bxf6 24. Re7+ Kg6 25. Re6 Rhf8 26. f4 Kh7 27.
Rxf6 Rxf6 28. Qxf6 Bd5 29. fxg5 Rg8 30. Qxh6# 1-0

[Event "National HS Championship"]
[Site "Kansas City, MO"]
[Date "1990.04.28"]
[Round "4"]
[White "Kline, Erik"]
[Black "Aldrich, Jeff"]
[Result "0-1"]
[WhiteElo "1887"]
[BlackElo "1700"]
[PlyCount "130"]
[EventDate "1990.04.27"]

1. e4 c6 2. d4 d5 3. Nc3 dxe4 4. Nxe4 Bf5 5. Ng3 Bg6 6. Nf3 Nd7 7. Bc4 e6 8.
O-O Be7 9. Re1 Ngf6 10. Bf4 Nb6 11. Bb3 Nbd5 12. Bd2 Qc7 13. Qe2 Rd8 14. Rac1
O-O 15. Ne5 Bd6 16. Nxg6 hxg6 17. c3 Rfe8 18. Qf3 e5 19. Bg5 exd4 20. cxd4 Qa5
21. Rf1 Qb6 22. Bxd5 cxd5 23. Bxf6 gxf6 24. Qxf6 Re6 25. Qh4 Bxg3 26. hxg3 Re4
27. Qg5 Rxd4 28. Rfe1 Rc4 29. Rxc4 dxc4 30. Qc1 Qd4 31. Kf1 b5 32. Re7 b4 33.
Re3 Rc8 34. Ke2 c3 35. b3 Rd8 36. Ke1 Qd2+ 37. Qxd2 Rxd2 38. Re2 Rxe2+ 39. Kxe2
Kg7 40. Kd3 Kf6 41. a3 a5 42. axb4 axb4 43. Ke2 Ke5 44. f3 Kd4 45. g4 Ke5 46.
Ke3 g5 47. g3 f6 48. f4+ Kd5 49. Kd3 c2 50. Kxc2 Ke4 51. fxg5 fxg5 52. Kd2 Kf3
53. Kd3 Kxg3 54. Kc4 Kxg4 55. Kxb4 Kf5 56. Ka5 Ke6 57. Ka6 Kd7 58. Ka7 g4 59.
b4 g3 60. b5 g2 61. Ka8 g1=Q 62. b6 Qa1+ 63. Kb7 Qb1 64. Ka7 Kc8 65. Ka6 Kb8
0-1

[Event "Trenton Mini-Swiss (April)"]
[Site "Trenton, Mich."]
[Date "1990.04.28"]
[Round "2"]
[White "Gabbara, Faris"]
[Black "Moody, David"]
[Result "0-1"]
[WhiteElo "2078"]
[BlackElo "2046"]
[PlyCount "80"]
[EventDate "1990.04.28"]

1. e4 Nc6 2. d4 e5 3. d5 Nce7 4. Nf3 Ng6 5. Nc3 Nf6 6. Bc4 Bb4 7. Qd3 O-O 8. h4
d6 9. h5 Nf4 10. Bxf4 exf4 11. h6 Nxe4 12. hxg7 Re8 13. O-O-O Bxc3 14. bxc3 Qf6
15. Nd4 Qxg7 16. Rde1 Qg6 17. Qf3 Bg4 18. Qxf4 Nxc3 19. Rxe8+ Rxe8 20. Bd3 Nxd5
21. Qd2 Qf6 22. Bxh7+ Kg7 23. f3 Rh8 24. fxg4 Rxh7 25. Nf5+ Kf8 26. Qxd5 Rxh1+
27. Kd2 Qb2 28. Ne3 Qc1+ 29. Kd3 Rd1+ 30. Nxd1 Qxd1+ 31. Ke4 Qxg4+ 32. Ke3 Qe6+
33. Qxe6 fxe6 34. c4 Kg7 35. Kd4 Kg6 36. a4 Kg5 37. Ke3 Kg4 38. Kf2 d5 39. cxd5
exd5 40. Ke3 c5 0-1

[Event "National HS Championship"]
[Site "Kansas City, MO"]
[Date "1990.04.28"]
[Round "2"]
[White "Eley, Hunter"]
[Black "Aldrich, Jeff"]
[Result "0-1"]
[WhiteElo "1433"]
[BlackElo "1700"]
[PlyCount "64"]
[EventDate "1990.04.27"]

1. d4 d5 2. Nf3 Nf6 3. Bg5 e6 4. e3 Bd7 5. Nbd2 c5 6. c4 cxd4 7. Nxd4 Nc6 8.
Qb3 Na5 9. Qc3 Be7 10. Bd3 Rc8 11. b4 Nc6 12. Nxc6 Bxc6 13. O-O O-O 14. a3 dxc4
15. Bxc4 b5 16. Be2 Bxg2 17. Qb2 Bxf1 18. Rxf1 Qd5 19. Bf4 Qf5 20. Qd4 Rfd8 21.
Qxa7 Rxd2 22. Qb7 Rf8 23. Bxb5 Nd5 24. Bg3 Bf6 25. Bd6 Be5 26. Bxe5 Qxe5 27.
Bc6 Qg5+ 28. Kh1 Qh4 29. Qa7 Rxf2 30. Rxf2 Qxf2 31. Qxf7+ Rxf7 32. Bxd5 Qf1#
0-1

[Event "Trenton Mini-Swiss (April)"]
[Site "Trenton, Mich."]
[Date "1990.04.28"]
[Round "3"]
[White "Cunningham, Robin"]
[Black "Moody, David"]
[Result "1/2-1/2"]
[WhiteElo "2204"]
[BlackElo "2046"]
[PlyCount "57"]
[EventDate "1990.04.28"]

1. e4 e5 2. Nf3 Nc6 3. Bb5 a6 4. Ba4 Nf6 5. O-O Be7 6. Re1 b5 7. Bb3 O-O 8. c3
d5 9. exd5 Nxd5 10. Nxe5 Nxe5 11. Rxe5 c6 12. Bxd5 cxd5 13. d4 Bd6 14. Re3 Qh4
15. h3 f5 16. Qf3 Bb7 17. Nd2 g5 18. Qe2 g4 19. Re6 Rad8 20. g3 Qxh3 21. Nf1 f4
22. Bxf4 Bxf4 23. gxf4 Rxf4 24. Qe5 Rdf8 25. Qg5+ Kh8 26. Qe5+ Kg8 27. Qg5+ Kh8
28. Re7 R4f7 29. Rae1 1/2-1/2

[Event "National HS Championship"]
[Site "Kansas City, MO"]
[Date "1990.04.28"]
[Round "3"]
[White "Aldrich, Jeff"]
[Black "Fletcher, Parrish"]
[Result "1-0"]
[WhiteElo "1700"]
[BlackElo "1486"]
[PlyCount "71"]
[EventDate "1990.04.27"]

1. d4 d5 2. c4 e6 3. Nc3 Nf6 4. Bg5 Be7 5. Nf3 h6 6. Bh4 O-O 7. e3 c6 8. Bd3
dxc4 9. Bxc4 b6 10. Qc2 Bb7 11. Rd1 Qc8 12. Bd3 Re8 13. Bg3 Nbd7 14. h4 Nd5 15.
a3 Bd8 16. Be4 Bc7 17. Bxc7 Nxc3 18. bxc3 Qxc7 19. g4 Nf6 20. g5 Nxe4 21. Qxe4
c5 22. Qg4 cxd4 23. gxh6 Qxc3+ 24. Kf1 dxe3 25. Nd4 Qc4+ 26. Kg1 exf2+ 27. Kxf2
g6 28. h5 Bxh1 29. hxg6 Qa2+ 30. Ke1 Qg2 31. gxf7+ Kxf7 32. Qh5+ Kg8 33. Rd2
Qe4+ 34. Ne2 Bf3 35. Qg5+ Kh7 36. Qg7# 1-0

[Event "National HS Championship"]
[Site "Kansas City, MO"]
[Date "1990.04.29"]
[Round "7"]
[White "Hwang, Richard"]
[Black "Aldrich, Jeff"]
[Result "1-0"]
[WhiteElo "2005"]
[BlackElo "1700"]
[PlyCount "91"]
[EventDate "1990.04.27"]

1. c4 Nf6 2. Nc3 e6 3. b3 d5 4. e3 c6 5. Bb2 Bb4 6. Nf3 Nbd7 7. a3 Bd6 8. d4
dxc4 9. Bxc4 b5 10. Bd3 Bb7 11. O-O a6 12. Rc1 Rc8 13. Qe2 O-O 14. Nd2 c5 15.
Nce4 Nxe4 16. Bxe4 Bxh2+ 17. Kxh2 Qh4+ 18. Kg1 Bxe4 19. Nxe4 Qxe4 20. f4 Qd5
21. Kf2 Nf6 22. Rfd1 Ne4+ 23. Ke1 Qd8 24. dxc5 Qh4+ 25. g3 Nxg3 26. Qg2 Rfd8
27. Bd4 Nf5+ 28. Qf2 Qh1+ 29. Qf1 Qe4 30. Qd3 Rxd4 31. Qxe4 Rxe4 32. c6 Kf8 33.
Rd7 Rxe3+ 34. Kf2 Rxb3 35. c7 Ke8 36. Rcd1 Rc3 37. Rd8+ Ke7 38. R1d7+ Kf6 39.
Rxc8 Ne7 40. Re8 Rc2+ 41. Ke1 Rxc7 42. Rxc7 Nd5 43. Ra7 Nxf4 44. Rf8 Nh5 45.
Rfxf7+ Ke5 46. Rxa6 $138 1-0

[Event "National HS Championship"]
[Site "Kansas City, MO"]
[Date "1990.04.29"]
[Round "6"]
[White "Chinn, Daniel"]
[Black "Aldrich, Jeff"]
[Result "0-1"]
[WhiteElo "1893"]
[BlackElo "1700"]
[PlyCount "126"]
[EventDate "1990.04.27"]

1. d4 d5 2. c4 e6 3. Nc3 Nf6 4. Bg5 Nbd7 5. Nf3 c6 6. e3 Be7 7. cxd5 exd5 8.
Bd3 h6 9. Bh4 O-O 10. Qc2 Nb6 11. O-O Be6 12. Rac1 Rc8 13. Qe2 Bg4 14. h3 Bh5
15. Bf5 Nfd7 16. Bg3 Nc4 17. Rfe1 Nd6 18. Bd3 Nf6 19. Qc2 Bxf3 20. gxf3 Qd7 21.
Kh2 Rcd8 22. Rg1 Qe6 23. e4 Nh7 24. Bf4 Ng5 25. Rg3 f6 26. h4 Ngf7 27. e5 fxe5
28. Rg6 Bf6 29. Re1 Rde8 30. Kg2 Qd7 31. dxe5 Nxe5 32. Bxe5 Bxe5 33. Qa4 Qf7
34. Qg4 Qf4 35. Qxf4 Bxf4 36. Rg1 Nf5 37. Bxf5 Rxf5 38. Kh3 Be5 39. Re1 Ref8
40. f4 Bxf4 41. Re7 Be5 42. f4 Bf6 43. Rxb7 Rxf4 44. Rxa7 Rxh4+ 45. Kg3 Rh5 46.
Rc7 Be5+ 47. Kg4 Rh1 48. Rcxc6 Rg1+ 49. Kh4 Rf4+ 50. Kh3 Rf3+ 51. Kh4 Bf6+ 52.
Rcxf6 Rh1+ 53. Kg4 Rxf6 54. Rxf6 gxf6 55. Nxd5 Kf7 56. Nf4 Rh2 57. b4 Rxa2 58.
Kh5 Rb2 59. Nd3 Rb3 60. Nc5 Rxb4 61. Nd3 Rb3 62. Nc5 Rb5 63. Kxh6 Rxc5 0-1

[Event "National HS Championship"]
[Site "Kansas City, MO"]
[Date "1990.04.29"]
[Round "5"]
[White "Aldrich, Jeff"]
[Black "Polk, Alan"]
[Result "1/2-1/2"]
[WhiteElo "1700"]
[BlackElo "1921"]
[PlyCount "63"]
[EventDate "1990.04.27"]

1. d4 e6 2. c4 d5 3. Nc3 c6 4. Nf3 f5 5. Bg5 Be7 6. Bxe7 Qxe7 7. e3 Nf6 8. Ne5
Nbd7 9. f4 O-O 10. Bd3 Ne4 11. O-O Rf6 12. Qe2 Rh6 13. Bxe4 fxe4 14. b3 Nxe5
15. fxe5 Bd7 16. Rf4 Be8 17. Raf1 Bh5 18. Qf2 Re8 19. h4 Rg6 20. Kh2 Rg4 21.
Ne2 Rxf4 22. Nxf4 Rf8 23. Qg3 Be8 24. Rf2 a5 25. Nh3 h6 26. Rxf8+ Qxf8 27. Qf4
Qa3 28. Qg4 Bf7 29. Nf4 Qe7 30. c5 Qe8 31. h5 Qe7 32. a3 1/2-1/2

[Event "Lansing Mini-Swiss (May)"]
[Site "Lansing, Mich."]
[Date "1990.05.06"]
[Round "2"]
[White "Skidmore, Mike"]
[Black "Moody, David"]
[Result "1-0"]
[WhiteElo "1900"]
[BlackElo "2043"]
[PlyCount "81"]
[EventDate "1990.05.06"]

1. e4 e5 2. Nf3 Nc6 3. Bb5 a6 4. Ba4 Nf6 5. d3 d6 6. c3 Be7 7. O-O O-O 8. Re1
b5 9. Bc2 Nh5 10. Nbd2 Nf4 11. Nf1 Bg4 12. Bxf4 exf4 13. d4 Bh4 14. Qd3 Bxf3
15. Qxf3 Qf6 16. e5 dxe5 17. Be4 Rad8 18. Bxc6 exd4 19. cxd4 Rxd4 20. Qc3 Qd6
21. Bf3 Bxf2+ 22. Kxf2 Qb6 23. Ne3 fxe3+ 24. Qxe3 Rd2+ 25. Re2 Re8 26. Qxb6
Rexe2+ 27. Bxe2 cxb6 28. Rd1 Rxd1 29. Bxd1 Kf8 30. Be2 Ke7 31. a4 bxa4 32. Bxa6
Kd6 33. Bb5 Kc5 34. Bxa4 b5 35. Bb3 f6 36. Ke3 Kb4 37. Bg8 h6 38. Ke4 Kc5 39.
b3 Kb4 40. g4 Kc3 41. h4 1-0

[Event "Lansing (Mini-Swiss.4/3)"]
[Site "?"]
[Date "1990.05.06"]
[Round "3"]
[White "Skidmore, Jennifer"]
[Black "Aldrich, Jeff"]
[Result "1/2-1/2"]
[WhiteElo "1719"]
[BlackElo "1700"]
[PlyCount "131"]
[EventDate "1990.??.??"]

{4/(3)} 1. d4 d5 2. c4 dxc4 3. Nf3 Nf6 4. Nc3 Bg4 5. e3 e6 6. Bxc4 Bb4 7. Qa4+
Nc6 8. Ne5 Bxc3+ 9. bxc3 Qd6 10. Ba3 Qd8 11. Nxc6 bxc6 12. Qxc6+ Nd7 13. Rb1
Bf5 14. Rb7 Rb8 15. Rxc7 e5 16. dxe5 Rb6 17. e6 Bxe6 18. Bxe6 fxe6 19. Qc4 Ne5
20. Qa4+ Nd7 21. Qxa7 Rb1+ 22. Ke2 Rxh1 23. Qb7 Ra1 24. Bd6 Rxa2+ 25. Kd1 Ra1+
26. Kc2 Ra2+ 27. Kb3 Ra1 28. Kb2 Ra8 29. Rxd7 Qxd7 30. Qxa8+ Qd8 31. Qc6+ Kf7
32. Qf3+ Qf6 33. Qxf6+ Kxf6 34. c4 Rd8 35. c5 e5 36. Kc3 Ke6 37. Kd3 Ra8 38.
Ke4 Ra4+ 39. Kf3 g5 40. Kg3 h5 41. f4 exf4+ 42. exf4 Ra3+ 43. Kf2 Ra2+ 44. Kf3
Ra3+ 45. Kf2 g4 46. Kf1 Ra1+ 47. Kf2 h4 48. h3 Ra2+ 49. Kf1 g3 50. Bc7 Kd5 51.
Bd8 Rf2+ 52. Ke1 Rxf4 53. Ke2 Kxc5 54. Ke3 Ra4 55. Kf3 Ra3+ 56. Kg4 Ra2 57.
Bxh4 Rxg2 58. Bxg3 Kd5 59. Kf4 Ke6 60. Bh4 Kf7 61. Bg5 Kg6 62. h4 Kh5 63. Kf5
Rf2+ 64. Ke6 Kg6 65. Ke7 Rf7+ 66. Ke6 1/2-1/2

[Event "Lansing Mini-Swiss (May)"]
[Site "Lansing, Mich."]
[Date "1990.05.06"]
[Round "1"]
[White "Moody, David"]
[Black "Hayes, Rea"]
[Result "1-0"]
[WhiteElo "2043"]
[BlackElo "1920"]
[PlyCount "49"]
[EventDate "1990.05.06"]

1. e4 e5 2. Bc4 Nf6 3. Nc3 Bb4 4. d3 O-O 5. f4 d5 6. fxe5 dxc4 7. exf6 Qxf6 8.
Nf3 Bxc3+ 9. bxc3 Qxc3+ 10. Bd2 Qf6 11. O-O Nc6 12. Rb1 b6 13. Rb5 cxd3 14.
cxd3 Ba6 15. Rf5 Qe7 16. Ng5 g6 17. Rxf7 Rxf7 18. Rxf7 Qc5+ 19. Kh1 Bxd3 20.
Rg7+ Kh8 21. Rxh7+ Kg8 22. Rg7+ Kxg7 23. Ne6+ Kf6 24. Nxc5 bxc5 25. Qf3+ 1-0

[Event "Lansing Mini-Swiss (May)"]
[Site "Lansing, Mich."]
[Date "1990.05.06"]
[Round "3"]
[White "Moody, David"]
[Black "Ford, William"]
[Result "0-1"]
[WhiteElo "2043"]
[BlackElo "1905"]
[PlyCount "96"]
[EventDate "1990.05.06"]

1. e4 e6 2. d4 d5 3. Nc3 Bb4 4. e5 c5 5. a3 cxd4 6. axb4 dxc3 7. bxc3 Qc7 8.
Qd4 Ne7 9. Bb5+ Nbc6 10. Nf3 O-O 11. Bxc6 Nxc6 12. Qc5 b6 13. Qd6 Qxd6 14. exd6
Rd8 15. b5 Na5 16. Ba3 Nc4 17. Nd4 Bb7 18. Bb4 Nxd6 19. Nc6 Bxc6 20. bxc6 Nb5
21. Kd2 Rdc8 22. Ra6 Rxc6 23. Rha1 Rac8 24. Kd3 f5 25. f4 Kf7 26. h3 d4 27.
cxd4 Rxc2 28. g4 R2c4 29. Bd2 Rxd4+ 30. Ke3 Rc2 31. Rxa7+ Nxa7 32. Rxa7+ Kg6
33. gxf5+ Kxf5 34. Kxd4 Rxd2+ 35. Ke3 Rb2 36. Rxg7 Rb3+ 37. Kd4 Rxh3 38. Rb7
Kxf4 39. Rxb6 e5+ 40. Kd5 Rd3+ 41. Kc4 Rd7 42. Rh6 e4 43. Rh4+ Kf3 44. Rh3+ Kg4
45. Rh6 e3 46. Re6 Kf3 47. Rf6+ Ke2 48. Re6 Kd2 0-1

[Event "Lansing (Mini-Swiss.4/1)"]
[Site "?"]
[Date "1990.05.06"]
[Round "1"]
[White "Asbury, Victor"]
[Black "Aldrich, Jeff"]
[Result "1-0"]
[WhiteElo "1607"]
[BlackElo "1700"]
[PlyCount "43"]
[EventDate "1990.??.??"]

{4/(1)} 1. c4 Nf6 2. Nc3 e6 3. g3 d5 4. cxd5 exd5 5. Bg2 c6 6. e3 Bg4 7. Nge2
Nbd7 8. O-O Ne5 9. f3 Bd7 10. d4 Nc4 11. b3 Nd6 12. e4 dxe4 13. fxe4 Ng8 14.
Bf4 g5 15. Be3 Qe7 16. Qd2 f6 17. Rad1 h5 18. h3 Nh6 19. e5 Ndf5 20. Ne4 fxe5
21. dxe5 Qxe5 22. Qxd7# 1-0

[Event "Lansing (Mini-Swiss.4/2)"]
[Site "?"]
[Date "1990.05.06"]
[Round "2"]
[White "Aldrich, Jeff"]
[Black "Vandenburg, V.E."]
[Result "1-0"]
[WhiteElo "1700"]
[BlackElo "1626"]
[PlyCount "69"]
[EventDate "1990.??.??"]

{4/(2)} 1. d4 e6 2. c4 a6 3. Nc3 Nf6 4. Nf3 Be7 5. Bg5 b6 6. e3 O-O 7. Bd3 h6
8. Bh4 Bb7 9. Qc2 c5 10. e4 Nc6 11. Bxf6 Bxf6 12. e5 Be7 13. d5 Nb4 14. Qe2
Nxd3+ 15. Qxd3 exd5 16. cxd5 d6 17. O-O-O b5 18. exd6 Bxd6 19. h4 b4 20. Ne4 c4
21. Qc2 Rc8 22. Kb1 a5 23. b3 f5 24. Nxd6 Qxd6 25. bxc4 Rc5 26. Nd4 Bxd5 27.
Nxf5 Qe5 28. Rxd5 Rxd5 29. cxd5 Rxf5 30. Rd1 Qf6 31. Rd2 h5 32. d6 Qf8 33. d7
Rc5 34. d8=Q Rxc2 35. Qxf8+ 1-0

[Event "Trenton Action (May)"]
[Site "Trenton, Mich."]
[Date "1990.05.13"]
[Round "2"]
[White "Sobh, Hassan"]
[Black "Moody, David"]
[Result "0-1"]
[WhiteElo "1710"]
[BlackElo "2043"]
[PlyCount "114"]
[EventDate "1990.05.13"]

1. e4 e5 2. Nf3 Nc6 3. Bb5 a6 4. Ba4 Nf6 5. O-O Be7 6. Re1 b5 7. Bb3 O-O 8. c3
d5 9. exd5 Nxd5 10. Nxe5 Nxe5 11. Rxe5 c6 12. d4 Bd6 13. Re1 Qh4 14. g3 Qh3 15.
Be3 Bg4 16. Qd3 Rae8 17. a4 Nf4 18. Qf1 Qh5 19. Bxf4 Bh3 20. Rxe8 Rxe8 21. Bd1
Qf5 22. g4 Qxf4 23. Qxh3 Re1+ 24. Kg2 Rxd1 25. Qh4 Qe4+ 26. f3 Qe2+ 27. Qf2 Qd3
28. d5 cxd5 29. h3 Rxb1 30. Rxb1 Qxb1 31. axb5 axb5 32. Qd2 Qa2 33. Kf1 Qc4+
34. Kf2 Bf4 35. Qe2 Qxe2+ 36. Kxe2 Kf8 37. Kd3 Be5 38. b3 Ke7 39. c4 dxc4+ 40.
bxc4 bxc4+ 41. Kxc4 Kf6 42. Kd5 Bg3 43. Ke4 Kg5 44. Kd5 Kh4 45. Kc6 Kxh3 46.
Kd7 Kg2 47. Ke7 Kxf3 48. Kxf7 Kxg4 49. Kxg7 h5 50. Kh6 h4 51. Kh7 h3 52. Kg6 h2
53. Kg7 h1=Q 54. Kf6 Qd5 55. Kg7 Kg5 56. Kh8 Be5+ 57. Kh7 Qf7# 0-1

[Event "Trenton Action (May)"]
[Site "Trenton, Mich."]
[Date "1990.05.13"]
[Round "1"]
[White "Moody, David"]
[Black "Pavlovich, Joseph"]
[Result "1-0"]
[WhiteElo "2043"]
[BlackElo "1547"]
[PlyCount "92"]
[EventDate "1990.05.13"]

1. e4 c5 2. d4 cxd4 3. c3 d3 4. Bxd3 Nc6 5. Nf3 Nf6 6. Bg5 Ng4 7. Nbd2 Nge5 8.
Nc4 Qc7 9. Nfxe5 Nxe5 10. Nxe5 Qxe5 11. f4 Qc5 12. Qe2 e5 13. fxe5 Qxe5 14. Be3
Bc5 15. O-O Bxe3+ 16. Qxe3 O-O 17. Rf5 Qe7 18. Raf1 d5 19. Rxd5 Be6 20. Re5
Rad8 21. Bc4 Qd6 22. Rc5 b6 23. Bxe6 bxc5 24. Bd5 Rde8 25. Qf2 Re7 26. Rd1 Qc7
27. Rd3 Qb6 28. c4 Kh8 29. Rh3 Qc7 30. Qf5 h6 31. Qg4 Re5 32. Rf3 Rg5 33. Qh4
f6 34. Qf2 Qd7 35. h4 Rg4 36. Rf5 g6 37. Qxc5 Qg7 38. Rf1 Rxh4 39. e5 fxe5 40.
Rxf8+ Kh7 41. Bg8+ Kh8 42. Bd5+ Kh7 43. Rf7 Qxf7 44. Bxf7 Rg4 45. Qe7 Rf4 46.
Be6+ Rf7 1-0

[Event "Trenton Action (May)"]
[Site "Trenton, Mich."]
[Date "1990.05.13"]
[Round "3"]
[White "Moody, David"]
[Black "O'Donnell, Robert"]
[Result "1/2-1/2"]
[WhiteElo "2043"]
[BlackElo "2273"]
[PlyCount "78"]
[EventDate "1990.05.13"]

1. Nf3 c5 2. g3 Nc6 3. Bg2 Nf6 4. O-O g6 5. d3 Bg7 6. e4 d6 7. Nc3 O-O 8. Bg5
Rb8 9. Qd2 Re8 10. Rae1 Nd4 11. e5 Nxf3+ 12. Bxf3 dxe5 13. Rxe5 b6 14. Rfe1 Bb7
15. Bxb7 Rxb7 16. Qf4 Rb8 17. Rxe7 Rxe7 18. Rxe7 Qxe7 19. Qxb8+ Bf8 20. Ne4 Nd7
21. Qc8 f6 22. Qxd7 fxg5 23. Qd5+ Kg7 24. Qxg5 Qe6 25. a3 c4 26. Qe3 cxd3 27.
Qxd3 Be7 28. Qd4+ Kh6 29. h4 Qg4 30. Qe5 Bxh4 31. f3 Qxf3 32. gxh4 Qd1+ 33. Kf2
Qxc2+ 34. Ke3 Qc1+ 35. Kd3 Qf1+ 36. Kd4 Qd1+ 37. Kc4 Qe2+ 38. Kb3 Qd1+ 39. Ka2
Qc2 1/2-1/2

[Event "Trenton Action (May)"]
[Site "Trenton, Mich."]
[Date "1990.05.13"]
[Round "5"]
[White "Moody, David"]
[Black "Noren, Kevin"]
[Result "0-1"]
[WhiteElo "2043"]
[BlackElo "2267"]
[PlyCount "52"]
[EventDate "1990.05.13"]

1. Nf3 g6 2. e4 Bg7 3. d4 d6 4. Bc4 Nf6 5. Nc3 O-O 6. Bg5 c6 7. Qe2 b5 8. Bb3
a5 9. e5 dxe5 10. dxe5 Nh5 11. Rd1 Qc7 12. Qe4 a4 13. Nxb5 cxb5 14. Bxf7+ Rxf7
15. Qxa8 Nc6 16. O-O Rf8 17. Nd4 Nxd4 18. Rxd4 Bb7 19. Qa7 Ra8 20. Qxa8+ Bxa8
21. Rfd1 Qc6 22. f3 Bxe5 23. Rd8+ Kf7 24. Bh6 Nf6 25. Rf8+ Ke6 26. Re1 Ng4 0-1

[Event "Trenton Action (May)"]
[Site "Trenton, Mich."]
[Date "1990.05.13"]
[Round "4"]
[White "Gabbara, Faris"]
[Black "Moody, David"]
[Result "0-1"]
[WhiteElo "2102"]
[BlackElo "2043"]
[PlyCount "56"]
[EventDate "1990.05.13"]

1. e4 e5 2. f4 exf4 3. Nf3 g5 4. h4 g4 5. Ne5 d6 6. Nxg4 Be7 7. Qf3 Bxh4+ 8.
Kd1 Qg5 9. Be2 Nc6 10. c3 Ne5 11. Nxe5 dxe5 12. d4 Nf6 13. Nd2 Ng4 14. Kc2 Ne3+
15. Kb1 Bg4 16. Rxh4 Qxh4 17. g3 Bxf3 18. Bb5+ c6 19. gxh4 cxb5 20. Nxf3 exd4
21. Nxd4 a6 22. Nf5 Nxf5 23. exf5 Rg8 24. Kc2 Rg1 25. a4 f3 26. axb5 f2 27.
bxa6 f1=Q 28. axb7 Qd1+ 0-1